• 首页
  • 本馆介绍
  • 公告通知
  • 最新文献
  • 馆藏检索
  • 电子资源
  • 读者导购
  • 参考咨询
  • 我的图书馆
  • 登录
  • 详细信息显示
  • 放入我的书架
  • 预约/预借图书
  • 作者相关作品
  • 分类相关作品
  • 丛书相关作品
  • 出版社相关作品

书目信息

  • 表格格式
  • 工作单格式
  • 卡片格式
题名:
当代跨国风险研究
    
 
作者: 卢林 著
分册:  
出版信息: 上海   上海人民出版社  2012
页数: 163页
开本: 23cm
丛书名:
单 册:
中图分类: F279.23
科图分类:
主题词: 企业管理--跨国经营--风险管理--研究--中国 , 企业管理 , 跨国经营 , 风险管理
电子资源:
ISBN: 978-7-208-10840-0
000 01334nam0 2200289 450
001 5
005 20140909092929.62
010    @a978-7-208-10840-0@dCNY26.00
100    @a20121203d2012 em y0chiy50 ea
101 0  @achi
102    @aCN@b310000
105    @ay z 000yy
106    @ar
200 1  @a当代跨国风险研究@ADang Dai Kua Guo Feng Xian Yan Jiu@dA study of contemporary transnational risks@f卢林著@FLu Lin Zhu@zeng
210    @a上海@c上海人民出版社@d2012
215    @a163页@d23cm
300    @a国家开发银行与华东师范大学共建 国家开发银行——华东师范大学国际关系与地区发展研究院 第2期系列科研项目 “后金融时代的国际格局转换”研究成果
330    @a本书重点讨论中国国家和企业在当今国际环境中,特别是2007年至2008年金融危机背景下的国际环境中面临的跨国风险。将概要讨论跨国风险的背景,历史发展和当代表现;然后,根据中国模式的特点,讨论中国的跨国利益和风险暴露;接着,讨论中国所面临的主要跨国风险与中国所在的国际环境特点之间的关系,以及国际社会的演变趋势对中国所面临的跨国风险的变化和前景的影响。
510 1  @aStudy of contemporary transnational risks@zeng
606 0  @a企业管理@x跨国经营@x风险管理@x研究@y中国
606 0  @a企业管理
606 0  @a跨国经营
606 0  @a风险管理
690    @aF279.23@v5
701  0 @a卢林@ALu Lin@g(社会学)@4著
801  0 @aCN@bTANGWEI@c20140603
905    @b0838486-88@dF279.23@e1138@f3
    
    当代跨国风险研究=A study of contemporary transnational risks/卢林著.-上海:上海人民出版社,2012
    163页;23cm
    国家开发银行与华东师范大学共建 国家开发银行——华东师范大学国际关系与地区发展研究院 第2期系列科研项目 “后金融时代的国际格局转换”研究成果
    
    ISBN 978-7-208-10840-0:CNY26.00
    本书重点讨论中国国家和企业在当今国际环境中,特别是2007年至2008年金融危机背景下的国际环境中面临的跨国风险。将概要讨论跨国风险的背景,历史发展和当代表现;然后,根据中国模式的特点,讨论中国的跨国利益和风险暴露;接着,讨论中国所面临的主要跨国风险与中国所在的国际环境特点之间的关系,以及国际社会的演变趋势对中国所面临的跨国风险的变化和前景的影响。
●
相关链接 在E读中查询图书 在五车中查询图书 在当当中查询图书 在豆瓣中查询图书


正题名:当代跨国风险研究     索取号:F279.23/1138         预约/预借

序号 登录号 条形码 馆藏地/架位号 状态 备注
1 0838486   208384862   第一样本阅览室/ [索取号:F279.23/1138] 在馆    
2 0838487   208384871   第一借阅区/ [索取号:F279.23/1138] 在馆    
3 0838488   208384880   密集书库-海洋学院/ [索取号:F279.23/1138] 在馆    
唐山师范学院图书馆 欢迎您!
大连网信软件有限公司© 版权所有